| 000 | 00886nas a2200301 4500 | ||
|---|---|---|---|
| 001 | BR0807971 | ||
| 003 | BR-BrBNA | ||
| 005 | 20231205112831.0 | ||
| 007 | ta | ||
| 008 | 230509b bl.|||p| |||| 00| 00por d | ||
| 040 |
_aBR-BrBNA _bpor _cBiblioteca Nacional de Agricultura |
||
| 041 | _a(Pt) | ||
| 072 | _aF04 | ||
| 100 | 1 | _aRozane, D.E. | |
| 100 | 1 | _aPrado, R. de M. | |
| 100 | 1 | _aRomualdo, L.M. | |
| 100 | 1 | _aSimões, R.R. | |
| 245 | 1 | _aResposta de plântulas de arroz CV.BRS - Soberana à aplicação de zinco via semente | |
| 650 | _aARROZ | ||
| 650 | _aADUBAÇÃO | ||
| 650 | _aMICROELEMENTO | ||
| 650 | _aTRATAMENTO DE SEMENTE | ||
| 650 | _aZINCO | ||
| 650 | _aMATÉRIA SECA | ||
| 773 | 0 |
_tCiência e Agrotecnologia (Brazil) _xISSN 1413-7054 _g(May-Jun 2008), v. 32(3) p. 847-854 _wBR0807971 |
|
| 909 |
_a202311 _bLúcia _c55 _dLúcia Elande |
||
| 942 |
_2AGRIS _n0 _cANA |
||
| 999 |
_c200280 _d200280 |
||